| 000 | 00843cam a2200289 a 4500 | ||
|---|---|---|---|
| 005 | 20260322212034.0 | ||
| 008 | data | ||
| 016 | _a20020126271 | ||
| 020 | _a0786867647 | ||
| 020 | _a9780786867646 | ||
| 024 | 1 | _a780786867646 | |
| 040 |
_aCaNSH _beng _cNLC _dCtY _dEPL _dSFR _dP@N _dLHA _dCtY |
||
| 043 |
_an-us--- _an-us--- |
||
| 050 | 4 |
_aPN2308.F69 _bA3 2002 |
|
| 055 | 2 | _aPN2308* | |
| 099 | _aFOXMJ | ||
| 100 | 1 |
_aFox, Michael J., _d1961- |
|
| 245 | 1 | 0 |
_aLucky man : _ba memoir / _cMichael J. Fox. |
| 250 | _a1st ed. | ||
| 260 |
_aNew York : _bHyperion, _cc2002. |
||
| 300 |
_a260 p. : _bill., ports. ; _c25 cm. |
||
| 600 | 1 | 0 |
_aFox, Michael J., _d1961- |
| 650 | 0 |
_aMotion picture actors and actresses _vBiography. |
|
| 650 | 0 |
_aTelevision actors and actresses _vBiography. |
|
| 650 | 0 |
_aParkinson's disease _xPatients _vBiography. |
|
| 001 | data | ||
| 999 |
_c794 _d794 |
||